| 000 | 00674nam a2200169 a 4500 | ||
|---|---|---|---|
| 008 | 130520s2012 ||||||||||||||||| || u | ||
| 020 | _a9781853157325 | ||
| 050 | _aRC 58 MED | ||
| 100 | _aMcNeillis, Benjamin | ||
| 245 | 1 | 0 |
_aGet ahead: medicine 300 SBAs for finals _cby Benjamin McNeillis [and others] |
| 260 |
_aLondon: _bHodder and Stoughton _c2012 |
||
| 300 | _axv, 245p.: | ||
| 490 | _aGet Ahead! series | ||
| 500 | _aSCHOOL OF MEDICINE | ||
| 650 | _aMEDICINE--EXAMINATIONS, QUESTIONS, ETC | ||
| 995 |
_aMEDICAL LIBRARY OPEN ACCESS _e902066 _FCBU-SCHOOL OF MEDICINE LIBRARY (Ndola) _jRC 58 MED _M1 _UAVAILABLE _WMay 22, 2013 _y902066 _ZMedical Library Open Access Collection |
||
| 999 |
_c31532 _d31532 |
||